| 000 | 00421nam a2200157 i 4500 | ||
|---|---|---|---|
| 001 | bg | ||
| 100 | 1 | _aBROOKS, Frederick P. | |
| 245 | 0 |
_aAutomatyczne przetwarzanie danych : _bsystem 360 / _cFrederick P. Brooks, Kenneth E. Iverson. |
|
| 260 |
_aWarszawa, _c1975. |
||
| 700 | 1 | _aIVERSON, Kenneth E. | |
| 040 | _cBPK | ||
| 041 | _apol | ||
| 080 | _a681.3.01 | ||
| 942 | _cKS | ||
| 008 | s pl f |000 0 pol | ||
| 999 |
_c15842 _d15842 |
||
| 856 |
_uhttp://koha.tu.koszalin.pl/cgi-bin/koha/opac-detail.pl?biblionumber=15842 _yKatalog online BPK |
||